LEADER 02911nam 2200673Ia 450 001 9910451688303321 005 20200520144314.0 010 $a0-19-802376-6 010 $a1-280-52753-6 010 $a1-4294-0545-7 035 $a(CKB)1000000000465848 035 $a(EBL)272920 035 $a(OCoLC)476013297 035 $a(SSID)ssj0000359975 035 $a(PQKBManifestationID)12061592 035 $a(PQKBTitleCode)TC0000359975 035 $a(PQKBWorkID)10317663 035 $a(PQKB)10139301 035 $a(SSID)ssj0000153318 035 $a(PQKBManifestationID)11163965 035 $a(PQKBTitleCode)TC0000153318 035 $a(PQKBWorkID)10391900 035 $a(PQKB)11728977 035 $a(MiAaPQ)EBC272920 035 $a(Au-PeEL)EBL272920 035 $a(CaPaEBR)ebr10279168 035 $a(CaONFJC)MIL52753 035 $a(OCoLC)935260863 035 $a(EXLCZ)991000000000465848 100 $a19980824d1993 uy 0 101 0 $aeng 135 $aur|n|---||||| 181 $ctxt 182 $cc 183 $acr 200 14$aThe family in the Western world from the Black Death to the industrial age$b[electronic resource] /$fBeatrice Gottlieb 210 $aNew York $cOxford University Press$d1993 215 $a1 online resource (350 p.) 300 $aDescription based upon print version of record. 311 $a0-19-507344-4 311 $a0-19-509056-X 320 $aIncludes bibliographical references (p. 285-294) and index. 327 $aCONTENTS; I: A Place and a Social Institution; 1. The Members of the Household; 2. Life in the Household; II: Men and Women in a Special Relationship; 3. Preliminaries to Marriage; 4. Weddings; 5. The Married Couple; III: Procreation and Education; 6. Conception and Birth; 7. Early Childhood; 8. Upbringing; IV: Relatives Past, Present, and Future; 9. Kinship; 10. The Linking of Generations; V: Ideas and Ideals; 11. The Political Role of the Family; 12. The Emotional Role of the Family; Epilogue: Toward the Twenty-first Century; NOTES; BIBLIOGRAPHY; ILLUSTRATION CREDITS; INDEX; A; B; C; D; E 327 $aFG; H; I; J; K; L; M; N; O; P; Q; R; S; T; U; V; W; Y; Z 330 $aExplores the social history of Europe and Colonial America from the onset of the Black Death to the beginning of the Industrial Age, shedding light on the similarities and differences between families of the past and those of today. 606 $aGenealogy 606 $aCivilization, Western$xHistory 608 $aElectronic books. 615 0$aGenealogy. 615 0$aCivilization, Western$xHistory. 676 $a306.8509 700 $aGottlieb$b Beatrice$f1925-$0320397 801 0$bMiAaPQ 801 1$bMiAaPQ 801 2$bMiAaPQ 906 $aBOOK 912 $a9910451688303321 996 $aThe family in the Western world from the Black Death to the industrial age$92231108 997 $aUNINA LEADER 01160nam 2200385 450 001 9910493207803321 005 20200526115934.0 010 $a88-921-8518-7 035 $a(CKB)4940000000148038 035 $a(MiAaPQ)EBC5982344 035 $a(EXLCZ)994940000000148038 100 $a20200526d2019 uy 0 101 0 $aeng 135 $aurcnu|||||||| 181 $ctxt$2rdacontent 182 $cc$2rdamedia 183 $acr$2rdacarrier 200 10$aAdoption of unconventional financial institutions $ea European perspective /$fMaha Radwan 210 1$aTorino :$cG. Giappichelli Editore,$d[2019] 210 4$dİ2019 215 $a1 online resource (129 pages) 225 0 $aEuropean Islamic Finance Series ;$v3 311 $a88-921-2933-3 606 $aFinance$xReligious aspects$xIslam 608 $aElectronic books. 615 0$aFinance$xReligious aspects$xIslam. 676 $a332.091767 700 $aRadwan$b Maha$0787133 801 0$bMiAaPQ 801 1$bMiAaPQ 801 2$bMiAaPQ 906 $aBOOK 912 $a9910493207803321 996 $aAdoption of unconventional financial institutions$91753498 997 $aUNINA